US States by First Letter - Statistics

General Stats
  • This quiz has been taken 2,122 times
  • The average score is 35 of 50
Answers on the Map
Answers color-coded by a green-red scale on the quiz's map according to % correct below.
 
Answer Stats
State % Correct
Alabama
94%
Alaska
94%
Arizona
94%
Arkansas
94%
California
81%
Colorado
81%
Connecticut
81%
Idaho
77%
Illinois
77%
Indiana
77%
Iowa
77%
Nebraska
75%
Nevada
75%
New Hampshire
75%
New Jersey
75%
New Mexico
75%
New York
75%
North Carolina
75%
North Dakota
75%
Maine
74%
Maryland
74%
Massachusetts
74%
Michigan
74%
Minnesota
74%
Mississippi
74%
Missouri
74%
Montana
74%
Ohio
74%
Oklahoma
74%
Oregon
74%
Florida
69%
Tennessee
65%
Texas
65%
Washington
63%
West Virginia
63%
Wisconsin
63%
Wyoming
63%
Louisiana
62%
Delaware
60%
Georgia
58%
Kansas
58%
Kentucky
58%
South Carolina
57%
South Dakota
57%
Hawaii
56%
Pennsylvania
48%
Utah
47%
Rhode Island
38%
Vermont
37%
Virginia
37%
No matching quizzes found
Score Distribution
Percent of People with Each Score
Percentile by Number Answered
Your Score History
You have not taken this quiz